LIBRARY & INFORMATION CENTRE, KCAET, TAVANUR

ONLINE PUBLIC ACCESS CATALOGUE (OPAC)

Chanda / (Record no. 8219)

MARC details
000 -LEADER
fixed length control field 00442cam a2200193ua 4500
041 ## - LANGUAGE CODE
Language code of text/sound track or separate title hin
082 ## - DEWEY DECIMAL CLASSIFICATION NUMBER
Classification number 891.54
Item number IND/CH
100 ## - MAIN ENTRY--AUTHOR NAME
Personal name Indra, Vasavada .
245 ## - TITLE STATEMENT
Title Chanda /
250 ## - EDITION STATEMENT
Edition statement 1 /
260 ## - PUBLICATION, DISTRIBUTION, ETC. (IMPRINT)
Place of publication Delhi :
Name of publisher Rajkamal Prakash ,
Year of publication 1953.
300 ## - PHYSICAL DESCRIPTION
Number of Pages 166 ; .
942 ## - ADDED ENTRY ELEMENTS (KOHA)
Koha item type Books
Holdings
Withdrawn status Lost status Damaged status Home library Current library Date acquired Full call number Accession Number Koha item type
Withdrawn     KAUAET Sanskrit University 07/04/2012 891.54 4817 Books
Withdrawn     KAUAET Sanskrit University 07/04/2012 891.54 2100 Books
free website counter